...

NIRU LIBRARY

Statecraft and security : (Record no. 272)

MARC details
000 -LEADER
fixed length control field 01105cam a2200289 a 4500
001 - CONTROL NUMBER
control field 1182648
003 - CONTROL NUMBER IDENTIFIER
control field OSt
005 - DATE AND TIME OF LATEST TRANSACTION
control field 20230627092916.0
008 - FIXED-LENGTH DATA ELEMENTS--GENERAL INFORMATION
fixed length control field 971002s1998 enk b 001 0 eng
010 ## - LIBRARY OF CONGRESS CONTROL NUMBER
LC control number 97040985
020 ## - INTERNATIONAL STANDARD BOOK NUMBER
International Standard Book Number 9780521479776
040 ## - CATALOGING SOURCE
Transcribing agency NIRUC
Modifying agency NIRUC
050 00 - LIBRARY OF CONGRESS CALL NUMBER
Classification number D860
Item number . S73 1998
082 00 - DEWEY DECIMAL CLASSIFICATION NUMBER
Classification number 909.82
Edition number 21
245 00 - TITLE STATEMENT
Title Statecraft and security :
Remainder of title the Cold War and beyond /
Statement of responsibility, etc. edited by Ken Booth.
260 ## - PUBLICATION, DISTRIBUTION, ETC.
Place of publication, distribution, etc. Cambridge, UK ;
-- New York :
Name of publisher, distributor, etc. Cambridge University Press,
Date of publication, distribution, etc. 1998.
300 ## - PHYSICAL DESCRIPTION
Extent xiii, 358 p. ;
Dimensions 24 cm.
504 ## - BIBLIOGRAPHY, ETC. NOTE
Bibliography, etc. note Includes bibliographical references and index.
650 #0 - SUBJECT ADDED ENTRY--TOPICAL TERM
Topical term or geographic name entry element World politics
Chronological subdivision 1989-
650 #0 - SUBJECT ADDED ENTRY--TOPICAL TERM
Topical term or geographic name entry element Cold War
General subdivision Influence.
700 1# - ADDED ENTRY--PERSONAL NAME
Personal name Booth, Ken,
Dates associated with a name 1943-
Relator term editor.
856 42 - ELECTRONIC LOCATION AND ACCESS
Materials specified Publisher description
Uniform Resource Identifier <a href="http://www.loc.gov/catdir/description/cam028/97040985.html">http://www.loc.gov/catdir/description/cam028/97040985.html</a>
856 41 - ELECTRONIC LOCATION AND ACCESS
Materials specified Table of contents
Uniform Resource Identifier <a href="http://www.loc.gov/catdir/toc/cam021/97040985.html">http://www.loc.gov/catdir/toc/cam021/97040985.html</a>
906 ## - LOCAL DATA ELEMENT F, LDF (RLIN)
a 7
b cbc
c orignew
d 1
e ocip
f 19
g y-gencatlg
942 ## - ADDED ENTRY ELEMENTS (KOHA)
Source of classification or shelving scheme Library of Congress Classification
Koha item type Books
Suppress in OPAC No
Holdings
Withdrawn status Lost status Source of classification or shelving scheme Damaged status Not for loan Home library Current library Shelving location Date acquired Total checkouts Full call number Barcode Date last seen Price effective from Koha item type
    Library of Congress Classification     NIRU LIBRARY NIRU LIBRARY On display 06/27/2023   D860. S73 1998 2023-0622 06/27/2023 06/27/2023 Books
    Library of Congress Classification     NIRU LIBRARY NIRU LIBRARY On display 06/27/2023   D860. S73 1998 2023-0625 06/27/2023 06/27/2023 Books
Copyright © 2025&6. National Intelligence and Research University. All Rights Reserved.